000 01473cam a22003734 4500
001 196403
005 20250824063100.0
008 240926s2010 sp | |||| 000 0 spa
015 _aMON10
017 _aB 4933-2010
_bOficina Depósito Legal Barcelona
020 _a9788496595286
035 _a(OCoLC)868875885
035 _a(SpMaBN)a4735048
040 _aSpMaBN
_bspa
_cSpMaBN
_erdc
080 _a061.236(091)
100 _aCalle, Ramiro A.,
_d1943-
_9238898
240 1 0 _aHistoria de las sociedades secretas
245 1 0 _aHistoria de las sociedades secretas
_h[Texto impreso]
_cRamiro Calle
246 0 _iSubtitulo de la cubierta
_aEl enigmático origen de templarios, masones, rosacruces y otras sectas ocultas
260 _a[Málaga]
_bHojas de Luz
_cD.L. 2010
300 _a394 p.
_c21 cm
336 _2rdacontent
_atexto
337 _2rdamedia
_asin mediación
338 _2rdacarrier
_avolumen
500 _aCatalogación Provisional. N-10183. Depósito J
504 _aBibliografía: p. 391-392
650 7 _aSociedades secretas
_vHistoria
_2embne
_9147832
852 _aES-MaACL
_cDEPOJ
_jN-10183
_hDonación: José Lázaro García
_xEncuadernación rústica con solapas
_9206310
903 _9234219
_aLázaro García, José
_ednr
942 _2udc
_cMONOGRAFIA
_n0
999 _c196403
_d196403